Kvantitatívne a kvalitatívne ukazovatele prepravných a logistických služieb z pohľadu vybranej spoločnosti bakalárska práca

Gespeichert in:
Bibliographische Detailangaben
1. Verfasser: Nagyová, Andrea
Körperschaft: Obchodná fakulta EU. Katedra medzinárodného obchodu
Weitere Verfasser: Hansenová, Heda
Format: Buch
Sprache:Slowakisch
Veröffentlicht: Bratislava 2017
Tags: Tag hinzufügen
Keine Tags, Fügen Sie das erste Tag hinzu!

MARC

LEADER 00000nbm a2200000 4500
001 0232825
005 20170818100028.0
041 0 |a slo 
044 |a SK 
245 1 0 |a Kvantitatívne a kvalitatívne ukazovatele prepravných a logistických služieb z pohľadu vybranej spoločnosti  |b bakalárska práca  |c Andrea Nagyová ; školiteľ: Heda Hansenová 
264 1 |a Bratislava  |c 2017 
300 |a 44 s. 
100 1 |a Nagyová, Andrea 
700 1 |a Hansenová, Heda 
710 2 |a Obchodná fakulta EU. Katedra medzinárodného obchodu